|
|
|
|
| LEADER |
00000nab a2200000ua 4500 |
| 001 |
vtls010849459 |
| 003 |
SK-MaSNL |
| 005 |
20260303134826.0 |
| 008 |
230218s xo |||||||||||||||||eng| |
| 035 |
|
|
|a (urnnbn)urn:nbn:sk:snk:ar-a079ma
|
| 035 |
|
|
|a urn:nbn:sk:snk-ab6a5h
|
| 035 |
|
|
|a (uuid)34471a80-5deb-4d95-b72d-6b2d1ab5b3b4
|
| 040 |
|
|
|a SNKBUCL
|b slo
|c SNKBUCL
|e AACR2
|
| 041 |
0 |
|
|a eng
|
| 044 |
|
|
|a xo
|c SK
|
| 100 |
1 |
|
|a Podoláková, Katarína,
|d 1943-
|4 aut
|9 211646
|
| 245 |
1 |
0 |
|a THE INTEGRATED RESEARCH OF CONTEMPORARY VILLAGE
|c Katarína P. Podoláková
|
| 773 |
0 |
|
|t Ethnologia slavica : zborník Filozofickej fakulty Univerzity Komenského
|g Roč. 10-11, č. 10-11 (1978-79), s. 212-213
|
| 958 |
|
|
|a OND
|
| 958 |
|
|
|a EUIPO
|
| 958 |
|
|
|a article5
|
| 999 |
|
|
|c 1962007
|d 1963937
|